000 00777nam a2200265Ia 4500
003 OSt
005 20221005084939.0
006 a|||||r|||| 00| 0
007 ta
008 221004b |||||||| |||| 00| 0 eng d
020 _a0521413117
024 _a44633
037 _cTextual
040 _aCRL
_cCRL
_beng
041 _2eng
_aeng
082 _aO49G,1:g(A25), 111N2
100 _aMcGregor R S Ed.
245 0 _aDevotional literature in South Asia
_b Current research 1985-1988
260 _aNew York
_bCambridge USA
_c1992
300 _a322p
_ccm.
490 _aUniversity of Cambridge oriental publications; 46
650 _aENGLISH LITERATURE
942 _hO49G,1:g(A25), 111N2
_cTEXL
_2cc
999 _c993332
_d993332